000 00355nam a2200133Ia 4500
008 151021s9999 xx 000 0 und d
020 _a9.7815921287e+012
050 _aP 91.2.C66 2011
245 _a_Writers of the future volume xxvii
260 _aUSA Galaxy press 2011
300 _a543p
650 _a_Novel
980 _a^d20130214 09:57:16^oanne
999 _c12880
_d12880